000 01167cam a22002653a 4500
001 19610
003 PGUSA
005 20140828083421.0
008 061024s2006||||xxu|||||s|||||000 | eng d
040 _aPGUSA
_beng
042 _adc
050 4 _aB
050 4 _aPR
100 1 _aButler, Samuel,
_d1835-1902
245 1 0 _aSelections from Previous Works :
_bWith Remarks on Romanes' Mental Evolution in Animals, and a Psalm of Montreal
_h[electronic resource] /
_cSamuel Butler
260 _bProject Gutenberg,
_c2006
505 0 _aSelections from Erewhon -- From the Fair Haven -- Selections from life and habit -- Selections from evolution, old and new -- Extracts from unconscious memory -- Remarks on Mr. Romanes' Mental evolution in animals -- Extracts from Alps and sanctuaries of Piedmont and the Canton Ticino -- A psalm of Montreal.
506 _aPublic domain in the USA.
516 _aElectronic text
653 _aRomanes, George John, 1848-1894. Mental evolution in animals
653 _aEnglish literature -- 19th century -- Miscellanea
830 0 _aProject Gutenberg
_v19610
856 4 0 _uhttp://www.gutenberg.org/ebooks/19610
942 _cEB
999 _c248865
_d248865